| 000 | 00790nam a2200205 a 4500 | ||
|---|---|---|---|
| 001 | BRCA_2358 | ||
| 005 | 20190320203755.0 | ||
| 008 | 241008s2008----mx-a---###---#000-0#spa-# | ||
| 020 | _a9788497734103 | ||
| 050 | 4 |
_aNK7112.5 _b.P53 2008 |
|
| 245 | 1 | 0 |
_aLa plata en Iberoamérica _bsiglos XVI al XIX : congreso internacional _ccoordinadores Jesús Paniagua Pérez, Nuria Salazar Simarro. |
| 260 |
_aMéxico _bINAH _c2008 |
||
| 300 |
_a791 p. _bil. (algunas a color), mapas _c30 cm. |
||
| 500 | _aIncluye índice de referencias y glosario | ||
| 650 | 1 | 4 |
_aTrabajos en plata _xHistoria _ySiglos XVI al XIX _zIberoamérica _97069 |
| 650 | 1 | 4 |
_aPlatería _ySiglos XVI al XIX _zIberoamérica _97070 |
| 700 | 1 |
_aPaniagua Pérez, Jesús _92812 |
|
| 700 | 1 |
_aSalazar Simarro, Nuria _97071 |
|
| 942 |
_2lcc _cB |
||
| 999 |
_c2099 _d2099 |
||